| 000 | 00490cam a2200205 4500 | ||
|---|---|---|---|
| 001 | B1249 | ||
| 008 | 090401t1987 xxu||||| |||| 00| 0 eng d | ||
| 035 | _a(Sirsi) u43376 | ||
| 041 | _aeng | ||
| 050 | _a336.21 | ||
| 100 | _aDavidson, A.W. | ||
| 245 | _aDomestic rates : the significance of no change | ||
| 260 |
_aLondon _bFuller Peiser _c1987 |
||
| 300 | _a9p. ; 30cm. | ||
| 350 | _a0 | ||
| 650 | _aRATES AND RATING | ||
| 650 | _aREVALUATION | ||
| 942 | _n0 | ||
| 948 | _c04/03/1997 | ||
| 999 |
_c91307 _d91307 |
||